Useimmin arvatut kaupungit valtioittain #1 - Statistics

Yleistilastot
  • Tätä visaa on pelattu 679 kertaa
  • Keskiarvotulos 25 / 40
Vastaustilastot
Valtio % Kaupunki % Oikein
Yhdistynyt kuningaskunta 100 Lontoo
97%
Ranska 100 Pariisi
97%
Saksa 99 Berliini
96%
Espanja 100 Madrid
95%
Japani 99 Tokio
94%
Kanada 95 Ottawa
92%
Espanja 97 Barcelona
90%
Intia 98 Delhi
86%
Brasilia 95 Brasília
83%
Brasilia 98 Rio de Janeiro
83%
Kanada 93 Toronto
82%
Yhdistynyt kuningaskunta 91 Manchester
80%
Saksa 93 München
80%
Saksa 86 Hampuri
71%
Yhdistynyt kuningaskunta 90 Liverpool
70%
Ranska 82 Lyon
70%
Intia 91 Mumbai
69%
Saksa 81 Frankfurt
68%
Ranska 84 Marseille
67%
Kanada 83 Montréal
66%
Japani 81 Osaka
66%
Kanada 80 Vancouver
66%
Yhdistynyt kuningaskunta 75 Birmingham
56%
Ranska 72 Nizza
56%
Brasilia 88 São Paulo
56%
Saksa 74 Köln
55%
Espanja 78 Sevilla
55%
Espanja 73 Valencia
53%
Japani 69 Kioto
51%
Yhdistynyt kuningaskunta 75 Edinburgh
50%
Intia 82 Kalkutta
48%
Kanada 69 Edmonton
47%
Espanja 69 Málaga
46%
Japani 67 Hiroshima
45%
Japani 60 Sapporo
37%
Ranska 57 Bordeaux
30%
Intia 58 Chennai
26%
Brasilia 55 Belo Horizonte
23%
Brasilia 58 Manaus
23%
Intia 53 Bangalore
20%
Ehtoja vastaavia visoja ei löytynyt
Tulosjakauma
Jokaisen tuloksen saaneiden osuus
Persentiili vastausten määrän mukaan
Tuloshistoriasi
Et ole pelannut tätä visaa